| 000 | 00343nam a22001097a 4500 | ||
|---|---|---|---|
| 008 | 161115b xxu||||| |||| 00| 0 eng d | ||
| 050 | _aKZ21.B7(1970 VOL.44) | ||
| 245 |
_aThe British Year Book Of International Law1970 ./ _cedited by WALDOCK, Humphrey |
||
| 260 |
_aLondon; _bOxford Univ.Press. _c1971. |
||
| 300 |
_a314p; _c24cm. |
||
| 942 |
_2lcc _cBK |
||
| 999 |
_c6123 _d13623 |
||